Visualizzazione normale
Vista MARC
- Tears For Fears
di Personal Name
Records bibliografici associati: 1
001 - CONTROL NUMBER
- control field: 30023
003 - CONTROL NUMBER IDENTIFIER
- control field: IT-RoPau
005 - DATE AND TIME OF LATEST TRANSACTION
- control field: 20140616223355.0
008 - FIXED-LENGTH DATA ELEMENTS
- fixed length control field: 140616|| aca||aabn | a|a d
040 ## - CATALOGING SOURCE
- Original cataloging agency: IT-RoPau
- Transcribing agency: IT-RoPau
100 ## - HEADING--PERSONAL NAME
- Personal name: Tears For Fears
- Dates associated with a name: Codice autore musica SPICS: 13288
- Relator term: Autore musica
- Name of part/section of a work: New Star
670 ## - SOURCE DATA FOUND
- Source citation: Work cat.: (IT-RoPau)99326: AA.VV. 794, Gloryland Worldcup Usa 94